000
00235nam a2200097Ia 4500
008
190216s9999||||xx |||||||||||||| ||und||
100
_a
Ramakrishnan Nair R
245
0
_a
Poly Technic Boudikam
260
_b
Kerala Basha Inst
942
_c
BK
999
_c
40249
_d
40249